[Event "BIrd 2014"]
[Site "SchemingMind.com"]
[Date "2014.12.06"]
[Round "-"]
[White "Michael Christensen"]
[Black "idrum"]
[Result "1-0"]
[WhiteCountry "GER"]
[BlackCountry "USA"]
[WhiteElo "1631"]
[WhiteRD "103"]
[BlackElo "1583"]
[BlackRD "80"]
[GameID "369857"]

1. f4 c5 2. e4 d5 3. exd5 Nf6 4. Bc4 Nxd5 5. d3 Nc6 6. Nf3 Bg4 7. O-O e6 8. Nbd2 Ne3 9. Qe2 Nxf1 10. Qxf1 Bd6
11. Ng5 Qf6 12. Nde4 Qd4+ 13. Kh1 O-O 14. c3 Qxc4 15. dxc4 Be7 16. Qf2 b6 17. Be3 Rfd8 18. Qh4 Bf5 19. Qh5 Bg6 20. Qf3 Na5
21. b3 Rac8 22. Rd1 Rxd1+ 23. Qxd1 Rd8 24. Qe2 h6 25. Nxf7 Bxf7 26. Ng3 Bh4 27. Qg4 Be7 28. Nh5 Kf8 29. Qxg7+ Ke8 30. Nf6+ Bxf6
31. Qxf6 Rd1+ 32. Bg1 Rd2 33. Qh8+ Kd7 34. Qxh6 Rxa2 35. Qf8 Be8 36. Qg7+ Kc8 37. Qxa7 Bc6 38. h3 Bxg2+ 39. Kh2 Be4+ 40. Kg3 Bb7
41. Qxb6 Kd7 42. Bxc5
1-0

[Event "BIrd 2014"]
[Site "SchemingMind.com"]
[Date "2014.12.06"]
[Round "-"]
[White "idrum"]
[Black "Michael Christensen"]
[Result "1-0"]
[WhiteCountry "USA"]
[BlackCountry "GER"]
[WhiteElo "1583"]
[WhiteRD "80"]
[BlackElo "1631"]
[BlackRD "103"]
[GameID "369858"]

1. f4 e5 2. fxe5 d6 3. exd6 Bxd6 4. Nf3 g5 5. g3 Nc6 6. d3 Be6 7. Bxg5 Nge7 8. Nc3 Qd7 9. Qd2 O-O-O 10. Ne4 Bb4
11. c3 Ba5 12. Qc2 Rhg8 13. Nf6 Qd6 14. Nxg8 Rxg8 15. Bf4 Qd5 16. e4 Qd7 17. Rd1 Bg4 18. Bg2 Bxf3 19. Bxf3 Nd4 20. Qf2 Qa4
21. O-O Bb6 22. Kh1 Ne6 23. Qd2 Qxa2 24. Be5 Ng5 25. Bg4+ Kb8 26. Ra1 Qb3 27. Bf6 Nc6 28. Bd1 Qe6 29. Bxg5 Qh3 30. Rxf7 a6
31. Qf4 Rg7 32. Bg4 Rxf7 33. Bxh3 Rxf4 34. gxf4 Na5 35. Be6 Nc6 36. Bf6
1-0